| 000 | 00529nam a2200193Ia 4500 | ||
|---|---|---|---|
| 005 | 20250317124940.0 | ||
| 008 | 008 250317s9999 xx 000 0 eng d | ||
| 020 | _a81-7488-525-0 | ||
| 037 | _aTextbook | ||
| 040 |
_aFMSL _beng _cFMSL |
||
| 041 |
_aeng _2eng |
||
| 084 |
_aX:8D N8 _qFMSL |
||
| 100 | _aBhalla V K | ||
| 245 | 0 | _aFicial management and policy | |
| 260 |
_aNew Delhi _bNew Delhi, Anmol Publications _c1998 |
||
| 300 | _a1306p | ||
| 942 |
_cTB _hX:8D N8 |
||
| 999 |
_c1257369 _d1257369 |
||